राम नाम निज औषधिः (Record no. 13949)

MARC details
000 -LEADER
fixed length control field 00910nam a22002177a 4500
005 - DATE AND TIME OF LATEST TRANSACTION
control field 20080624151852.0
008 - FIXED-LENGTH DATA ELEMENTS--GENERAL INFORMATION
fixed length control field 080624t xxu||||| |||| 00| 0 hin d
010 ## - LCCN (DPL NO)
LC control number HIN-46127
020 ## - INTERNATIONAL STANDARD BOOK NUMBER
Terms of availability 40.00
035 ## - SYSTEM CONTROL NUMBER
System control number HN-27388
037 ## - SOURCE OF ACQUISITION
Source of stock number/acquisition DBAD
040 ## - CATALOGING SOURCE
Original cataloging agency dpl
Language of cataloging HN
082 ## - DEWEY DECIMAL CLASSIFICATION NUMBER
Classification number 181.499 / रजनी
100 ## - MAIN ENTRY--PERSONAL NAME
Personal name रजनीश
245 ## - TITLE STATEMENT
Title राम नाम निज औषधिः
Statement of responsibility, etc रजनीश
Remainder of title दादू वाणी /
260 ## - PUBLICATION, DISTRIBUTION, ETC. (IMPRINT)
Place of publication, distribution, etc नई दिल्ली
Name of publisher, distributor, etc डायमंड कामिक्स
Date of publication, distribution, etc 1999
300 ## - PHYSICAL DESCRIPTION
Extent 123पृ.
Dimensions 23सेमी.
700 ## - ADDED ENTRY--PERSONAL NAME
Personal name अमत साधना द्वारा संपादित
942 ## - ADDED ENTRY ELEMENTS (KOHA)
Item type Hindi Books
Source of classification or shelving scheme Dewey Decimal Classification
Classification part 181.499
Call number suffix रजनी
Holdings
Withdrawn status Lost status Source of classification or shelving scheme Damaged status Not for loan Collection code Home library Current library Date acquired Cost, normal purchase price Total Checkouts Full call number Barcode Date last seen Copy number Cost, replacement price Koha item type
    Dewey Decimal Classification   Not For Loan Non-fiction D.B.Act.Division D.B.Act.Division 24/06/2008 40.00   181.499 / रजनी HN-27388 15/09/2008 1 40.00 Hindi Books

© Delhi Public Library
Hit Counter
free hit counter